000 00895nam a22001935i 4500
001 157142
003 ES-MaACL
005 20230906210608.0
008 040810s1887 cl |||| | spa d
100 1 _aLarrain Zañartu, J. Joaquín.
_9128703
245 1 3 _aLa prensa chilena en el Anuario universal /
_cobra encargada por el director del anuario francés a J. Joaquín Larrain Zuñartu.
260 _aValparaíso :
_bImp. i Lib. Americana de Federico T. Lathrop,
_c1887.
300 _aVII, 42 p. ;
_c23 cm.
530 _aDisponible en formato digital.
650 4 _aPrensa-
_zChile.
_9172105
651 4 _aChile-
_xDescripción.
_9143280
852 _aES-MaACL
_jT-454-F-8
_z- Enc. hol., falto de cub. original
_z- Dedicatoria ms. de L. Cardoso al Ateneo de Madrid
_z- Enc. en un vol. facticio
856 _uhttp://bdh-rd.bne.es/viewer.vm?id=0000119621&page=1
_zBiblioteca Digital Hispánica
999 _c157142
_d157142